| 000 | 00659nam a2200241Ia 4500 | ||
|---|---|---|---|
| 003 | OSt | ||
| 005 | 20220924131812.0 | ||
| 006 | a|||||r|||| 00| 0 | ||
| 007 | ta | ||
| 008 | 220923b |||||||| |||| 00| 0 tel d | ||
| 024 | _a339834 | ||
| 037 | _cTextual | ||
| 040 |
_aARTS _cARTS _btel |
||
| 041 |
_2tel _atel |
||
| 082 | _a035,3NCH7,3, M2 | ||
| 100 |
_aChandur Malathi Au. _9191456 |
||
| 245 | 0 | _aKarpura Paragam | |
| 260 |
_aVijayawada _bDeluxe publications India _c1982 |
||
| 300 |
_a212p. _ccm. |
||
| 650 | _aTELUGU LITERATURE | ||
| 942 |
_h035,3NCH7,3, M2 _cTEXL _2CC |
||
| 999 |
_c428246 _d428246 |
||